| 000 | 00440nam a2200157 a 4500 | ||
|---|---|---|---|
| 005 | 20140412111419.0 | ||
| 008 | 070906s19uu xx 00 eng d | ||
| 020 | _a983-187-097-2 | ||
| 050 |
_aTR(GS 372.35 _bN19 2007 |
||
| 100 | _aNatarajan, Cindy | ||
| 245 |
_aScience workbook : _bfor pre primary / _cCindy Natarajan. |
||
| 260 |
_aMalaysia : _bRhythm Publishing, _c2007. |
||
| 300 | _a176 | ||
| 440 | _aTomato series | ||
| 999 |
_c105946 _d105946 |
||